| 000 | 00551nam a22001697a 4500 | ||
|---|---|---|---|
| 999 |
_c18830 _d18830 |
||
| 008 | 240201b ||||| |||| 00| 0 eng d | ||
| 020 | _a9789357510356 | ||
| 082 |
_22023 _aDC 338.4791 _bK960 |
||
| 100 |
_aKumari, Purnima. _951012 |
||
| 245 |
_aTourism promotion / _cPurnima Kumari. |
||
| 260 |
_aNew Delhi : _bRandom Publications, LLP., _c©2023. |
||
| 300 |
_axi, 296 pages : _billustrations ; _c24 cm. |
||
| 500 | _aIncludes bibliography and index. | ||
| 650 |
_aTourist trade. _951466 |
||
| 650 |
_aTourism _xMarketing. _951467 |
||
| 942 |
_2ddc _cDC |
||